Online
Catalog

100 pasos hacia una cooperativa de crédito. / (Record no. 51905)

MARC details
000 -CABECERA
campo de control de longitud fija 01302nam a2200241 a 4500
003 - IDENTIFICADOR DEL NÚMERO DE CONTROL
campo de control DO-SdBNP
005 - FECHA Y HORA DE LA ÚLTIMA TRANSACCIÓN
campo de control 20220607113047.0
007 - CAMPO FIJO DE DESCRIPCIÓN FÍSICA--INFORMACIÓN GENERAL
campo de control de longitud fija ta
008 - DATOS DE LONGITUD FIJA--INFORMACIÓN GENERAL
campo de control de longitud fija 220602e195? dr ||||gr|||| 001 0 spa d
040 ## - FUENTE DE LA CATALOGACIÓN
Centro catalogador/agencia de origen DO-SdBNP
Lengua de catalogación spa
Centro/agencia transcriptor BNPHU
082 #4 - NÚMERO DE LA CLASIFICACIÓN DECIMAL DEWEY
Número de edición 22
Número de documento/Ítem C569p
100 ## - ENTRADA PRINCIPAL--NOMBRE DE PERSONA
9 (RLIN) 60236
Nombre de persona Steele, Pablo,
Fechas asociadas al nombre 1911
245 10 - MENCIÓN DE TÍTULO
Título 100 pasos hacia una cooperativa de crédito. /
Mención de responsabilidad, etc. Pablo Steele
246 10 - FORMA VARIANTE DE TÍTULO
Título propio/Titulo breve Cien pasos hacia una cooperativa de crédito.
260 ## - PUBLICACIÓN, DISTRIBUCIÓN, ETC.
Lugar de publicación, distribución, etc. Ciudad Trujillo :
Nombre del editor, distribuidor, etc. [Federación Dominicana de Cooperativas, Inc.],
Fecha de publicación, distribución, etc. [1858]
300 ## - DESCRIPCIÓN FÍSICA
Extensión 94 p. ;
Dimensiones 22 cm.
505 ## - NOTA DE CONTENIDO CON FORMATO
Nota de contenido con formato Prólogo.
Información miscelánea Primera parte-- Ciertos aspectos de la utilidad y de los problemas de cooperativas en el mundo actual.--
Título Capítulo I- Valor de agrupaciones.- Capítulo II- La pobreza universal.- Capítulo III- Cículo vicioso.-- Capítulo IV- Educación.--
Información miscelánea Segunda parte- Cien preguntas y respuestas relativas y a una cooperativa de crédito.--
Título Capítulo V- Puntos Generales.--
-- Capítulo VI- Directores.--
-- Capítulo VII. Socios.--
-- Capítulo VIII- Préstamos
-- Capítulo IX- Misceláneos.--
Información miscelánea Tercera parte - Guía directriz para cooperativas.
590 ## - NOTA LOCAL (RLIN)
Nota local Inventariado 2022 / MF
650 #4 - PUNTO DE ACCESO ADICIONAL DE MATERIA--TÉRMINO DE MATERIA
9 (RLIN) 6532
Término de materia o nombre geográfico como elemento de entrada Cooperativas
Subdivisión geográfica República Dominicana
650 #4 - PUNTO DE ACCESO ADICIONAL DE MATERIA--TÉRMINO DE MATERIA
Término de materia o nombre geográfico como elemento de entrada Administración de cooperativas.
9 (RLIN) 21613
910 ## - DATOS DE OPCIÓN DEL USUARIO (OCLC)
Datos de opción del usuario MFeliz
942 ## - ELEMENTOS DE PUNTO DE ACCESO ADICIONAL (KOHA)
Fuente del sistema de clasificación o colocación Dewey Decimal Classification
Tipo de ítem Koha Libro
Holdings
Estado de retiro Estado de pérdida Fuente del sistema de clasificación o colocación Restricciones de uso No para préstamo Código de colección Localización permanente Ubicación/localización actual Ubicación en estantería Fecha de adquisición Fuente de adquisición Total de préstamos Signatura topográfica completa Código de barras Fecha visto por última vez Precio válido a partir de Tipo de ítem Koha
    Dewey Decimal Classification Excluido de préstamo   Patrimonio Dominicano Raros y Valiosos Biblioteca Nacional Pedro Henríquez Ureña Biblioteca Nacional Pedro Henríquez Ureña Depósito 02.06.2013 Donado por Familia Reyes Duluc   C569p 2022-2652 02.06.2022 02.06.2022 Libro

Powered by Koha